Top 50 Highest Grossing Movies - Statistics

General Stats
  • This quiz has been taken 64 times
  • The average score is 24 of 50
Answer Stats
Year Answer % Correct
2019 Avengers: Endgame
96%
2018 Avengers: Infinity War
96%
2015 Avengers: Age of Ultron
92%
2009 Avatar
88%
2012 The Avengers
88%
1997 Titanic
88%
2013 Iron Man 3
80%
2019 Spider-Man: Far From Home
73%
2010 Toy Story 3
73%
2019 Toy Story 4
73%
2016 Rogue One: A Star Wars Story
69%
2015 Star Wars: The Force Awakens
69%
2017 Star Wars: The Last Jedi
69%
2019 Star Wars: The Rise of Skywalker
69%
1999 Star Wars: The Phantom Menace
67%
2016 Captain America: Civil War
63%
2013 Frozen
61%
2019 Frozen II
61%
2019 The Lion King
57%
1994 The Lion King
57%
2018 Black Panther
55%
2011 Harry Potter and the Deathly Hallows: Part 2
55%
2001 Harry Potter and the Philosopher's Stone
55%
2003 The Lord of the Rings: The Return of the King
49%
2008 The Dark Knight
45%
2019 Captain Marvel
41%
2016 Finding Dory
41%
1993 Jurassic Park
41%
2013 Despicable Me 2
35%
2017 Despicable Me 3
35%
2015 Furious 7
33%
2015 Jurassic World
33%
2018 Jurassic World: Fallen Kingdom
33%
2017 The Fate of the Furious
33%
2018 Incredibles 2
31%
2019 Joker
29%
2017 Beauty and the Beast
27%
2015 Minions
27%
2014 Transformers: Age of Extinction
25%
2011 Transformers: Dark of the Moon
25%
2006 Pirates of the Caribbean: Dead Man's Chest
24%
2011 Pirates of the Caribbean: On Stranger Tides
24%
2012 The Dark Knight Rises
24%
2016 The Jungle Book
22%
2016 Zootopia
22%
2019 Aladdin
18%
2012 Skyfall
18%
2018 Aquaman
16%
2012 The Hobbit: An Unexpected Journey
16%
2010 Alice in Wonderland
6%
No matching quizzes found
Score Distribution
Percent of People with Each Score
Percentile by Number Answered
Your Score History
You have not taken this quiz